Stolice reprezentacji Mistrzostw Świata w piłce nożnej 2022 - Statystyki

Ogólne statystyki
  • Ten quiz został rozwiązany 2 887 razy
    2 722 od ostatniego zresetowania
  • Średni wynik to 21 z 32
Statystyki odpowiedzi
Państwo Stolica % Poprawnych
Polska Warszawa
99%
Hiszpania Madryt
91%
Francja Paryż
91%
Niemcy Berlin
89%
Anglia Londyn
89%
Argentyna Buenos Aires
87%
Portugalia Lizbona
87%
Meksyk Meksyk
84%
Holandia Amsterdam
82%
Japonia Tokio
81%
Brazylia Brasília
79%
Stany Zjednoczone Waszyngton
79%
Belgia Bruksela
75%
Korea Południowa Seul
69%
Chorwacja Zagrzeb
69%
Kanada Ottawa
67%
Dania Kopenhaga
65%
Australia Canberra
64%
Arabia Saudyjska Rijad
64%
Szwajcaria Berno
63%
Maroko Rabat
61%
Katar Doha
56%
Urugwaj Montevideo
55%
Serbia Belgrad
54%
Iran Teheran
52%
Senegal Dakar
48%
Tunezja Tunis
43%
Ekwador Quito
42%
Walia Cardiff
41%
Ghana Akra
27%
Kostaryka San Jose
27%
Kamerun Jaunde
19%
Nie znaleziono quizów pasujących do podanych kryteriów
Rozkład punktacji
Procent ludzi z każdym wynikiem
Percentyl według liczby udzielonych odpowiedzi
Twoja historia wyników
Nie rozwiązałeś tego quizu od ostatniego zresetowania